William Shakespeare Works - Statistics

General Stats
  • This quiz has been taken 52 times
  • The average score is 8 of 12
Answer Stats
Hint Answer % Correct
Two young lovers from opposing families both die. Romeo and Juliet
98%
A prince avenges his father, who was killed by his uncle. Hamlet
93%
Political greed causes a man to murder for personal gain. Macbeth
85%
Lago manipulates a moorish general into killing his wife. Othello
80%
Goes over the life of a titular Roman general. Julius Caesar
78%
Four lovers flee to a magical fairy-infested forest. A Midsummer Night's Dream
76%
Prospero, and his Daughter, Miranda, live on an island The Tempest
65%
Money is lent around to let Bassanio impress Portia. The Merchant of Venice
52%
Explores how nature can transform human relationships. As You Like it
37%
Disguise affects a love triangle involving twins and Olivia. Twelfth Night
37%
Two different love stories become intertwined later. Much Ado About Nothing
35%
King Leontes loses his entire family and later finds new people. A Winter's Tale
24%
No matching quizzes found
Score Distribution
Percent of People with Each Score
Percentile by Number Answered
Your Score History
You have not taken this quiz